[Event "25th European Club Cup Women 2021"]
[Site "Struga"]
[Date "2021.09.22"]
[Round "5.1"]
[White "Unuk, Laura"]
[Black "Bivol, Alina"]
[Result "1-0"]
[WhiteElo "2389"]
[BlackElo "2385"]
[Annotator "NA"]
[PlyCount "67"]
[EventDate "2021.09.18"]
[EventType "team-tourn"]
[EventCountry "MKD"]
[SourceTitle "playchess.com"]
[Source "ChessBase"]
[SourceQuality "1"]
[TimeControl "40/5400+30:1800+30"]

1. d4 {[%emt 0:00:05]} d5 {[%emt 0:00:14]} 2. c4 {[%emt 0:00:14]} e6 {[%emt 0:
00:06]} 3. Nc3 {[%emt 0:00:18]} Nf6 {[%emt 0:00:07]} 4. cxd5 {[%emt 0:00:49]}
exd5 {[%emt 0:00:09]} 5. Bg5 {[%emt 0:00:06]} Be7 {[%emt 0:00:05]} 6. e3 {
[%emt 0:00:10]} c6 {[%emt 0:00:05]} 7. Bd3 {[%emt 0:00:25]} Nbd7 {[%emt 0:00:
08]} 8. h3 {[%emt 0:01:03]} g6 {[%emt 0:07:36]} 9. Bh6 {[%emt 0:05:42]} Bf8 {
[%emt 0:01:02]} 10. Bxf8 {[%emt 0:04:21]} Kxf8 {[%emt 0:02:43]} 11. b4 {
[%emt 0:00:30]} Ne8 {[%emt 0:00:37]} 12. Nf3 {[%emt 0:09:51]} Nd6 {[%emt 0:00:
28]} 13. O-O {[%emt 0:01:07]} a6 {[%emt 0:06:34]} 14. a4 {[%emt 0:00:43]} g5 {
[%emt 0:01:58]} 15. Ne5 {[%emt 0:13:00]} h5 {[%emt 0:00:25]} 16. f4 {[%emt 0:
00:34]} g4 {[%emt 0:00:31]} 17. Kh2 {[%emt 0:10:20]} Nf6 {[%emt 0:03:33]} 18.
f5 {[%emt 0:05:57]} Bd7 {[%emt 0:02:13]} 19. Rf4 {[%emt 0:04:13]} Qc7 {[%emt 0:
00:36]} 20. Qe1 {[%emt 0:01:36]} Rh6 {[%emt 0:07:38]} 21. Qh4 {[%emt 0:05:58]}
Kg7 {[%emt 0:01:24]} 22. Rc1 {[%emt 0:02:09]} Qd8 {[%emt 0:06:55]} 23. Kg1 {
[%emt 0:04:09]} gxh3 {[%emt 0:05:37]} 24. gxh3 {[%emt 0:00:54]} Kh7 {[%emt 0:
02:36]} 25. Kh1 {[%emt 0:01:20]} b6 {[%emt 0:14:18]} 26. Rg1 {[%emt 0:02:34]}
Ra7 {[%emt 0:00:42]} 27. Rf2 {[%emt 0:13:11]} Qf8 {[%emt 0:04:07]} 28. Rg5 {
[%emt 0:03:47]} Kh8 {[%emt 0:03:59]} 29. Rfg2 {[%emt 0:00:53]} Be8 {[%emt 0:04:
27]} 30. Ne2 {[%emt 0:04:05]} c5 {[%emt 0:08:34]} 31. bxc5 {[%emt 0:00:38]}
bxc5 {[%emt 0:00:12]} 32. Nf4 {[%emt 0:00:16]} Ra8 {[%emt 0:00:59]} 33. Nxd5 {
[%emt 0:01:26]} Nxd5 {[%emt 0:08:44]} 34. Rxh5 {[%emt 0:00:10]} 1-0

[Event "25th European Club Cup Women 2021"]
[Site "Struga"]
[Date "2021.09.22"]
[Round "5.2"]
[White "Abdumalik, Zhansaya"]
[Black "Atalik, Ekaterina"]
[Result "1-0"]
[WhiteElo "2502"]
[BlackElo "2429"]
[Annotator "TA"]
[PlyCount "97"]
[EventDate "2021.09.18"]
[EventType "team-tourn"]
[EventCountry "MKD"]
[SourceTitle "playchess.com"]
[Source "ChessBase"]
[SourceQuality "1"]

{[%evp 10,97,25,8,25,18,28,31,30,13,33,39,15,25,44,31,30,8,73,95,79,66,68,41,
52,27,49,23,22,10,26,32,29,38,37,31,21,45,96,19,35,49,9,-112,-96,-139,-109,
-164,-55,-244,0,-150,-102,-102,-100,-121,-57,-56,-49,-66,0,0,336,322,313,323,
410,189,448,393,522,514,526,489,670,672,812,796,802,764,1316,1316,1316,1316,
1310,1235,5206,5206,5197,5193]} 1. e4 e5 2. Nf3 Nc6 3. d4 exd4 4. Nxd4 Qf6 5.
Nb5 Bc5 6. Qe2 Qd8 {C45: Scotch Game.} 7. Be3 Bxe3 8. Qxe3 a6 {White is
slightly better.} 9. N5c3 Nge7 10. Nd2 O-O 11. O-O-O d6 {[#]} 12. h4 $146 ({
Predecessor:} 12. Nf3 Qe8 13. Bc4 Be6 14. Bb3 Bxb3 15. axb3 Ng6 16. h4 Nge5 17.
h5 Nxf3 18. gxf3 {1-0 (25) Manik,M (2454)-Kotan,L (2297) Piestany 2006}) 12...
b5 13. h5 b4 {[#]} (13... h6 $1 $11) 14. h6 $1 $16 {[%cal Rh6g7] Hoping for
hxg7.} g6 (14... bxc3 $2 15. hxg7 cxd2+ 16. Rxd2 $18) 15. Ne2 f6 16. f4 Qe8 17.
Nf3 Be6 18. b3 Kh8 19. Ned4 Nxd4 20. Qxd4 Nc6 21. Qb2 Bg4 22. Re1 Bxf3 23. gxf3
g5 (23... Qb8 $14) 24. Bc4 ({Better is} 24. fxg5 $1 $16 Qe5 25. Qxe5 fxe5 26.
Bc4) 24... gxf4 $11 25. Bd5 Rb8 26. e5 (26. Bxc6 $11 {remains equal.} Qxc6 27.
Qd4) 26... dxe5 27. Rhg1 {[#]} Nd4 $1 {aiming for ...Rd8.} 28. Rg7 Qh5 (28...
c6 $19 29. c3 cxd5 30. cxd4 Rc8+ 31. Kb1 Qe6) 29. c3 $2 (29. c4 $1 $15 c6 30.
Qg2 Qxh6 31. Ra7) 29... Nf5 $2 (29... Nxf3 30. Bxf3 Qxf3 31. Qc2 $11) ({
Black should play} 29... Qxh6 $19 30. Reg1 Nf5 31. Rxc7 bxc3 32. Qxc3 Qh2) 30.
Rxc7 (30. Be4 $1 $11) 30... Rbc8 (30... Qxh6 31. Be4 $15) 31. Rxc8 Rxc8 32. c4
Ne3 ({But not} 32... Nxh6 $6 33. Qd2 $11) (32... Qxh6 $2 33. Be6 $18) (32...
Re8 $17 33. Qd2 a5) 33. Qd2 $1 $15 Qxh6 {White must now prevent ...Qf8.} 34.
Be6 Re8 (34... Rf8 $15) 35. Rg1 $40 {[%mdl 128] White has some attack.} Qf8 $2
{[%mdl 8192]} (35... e4 $11 {and Black stays safe.} 36. Qd7 Rf8 37. fxe4 f3)
36. Rg8+ $18 Qxg8 37. Bxg8 Rxg8 {[%mdl 4096] Endgame KQ-KRN} 38. c5 (38. Qxb4
$142 {Strongly threatening Qe7.} e4 39. fxe4) 38... Rg1+ $2 (38... e4 {is a
better defense.}) 39. Kb2 Nd1+ ({Weaker is} 39... Rg2 40. Qxg2 Nxg2 41. c6 $18)
40. Kc2 {Qxd1 is the strong threat.White is clearly winning.} Ne3+ 41. Kd3 Rg8
{And now ...Rd8+ would win.} ({Of course not} 41... Rd1 42. Qxd1 Nxd1 43. c6)
42. Qxb4 Nf5 43. Qb7 Rd8+ 44. Kc3 Ne3 45. Qf7 Nd5+ 46. Kc4 Ne3+ {[#]} 47. Kb4
$1 Nd5+ 48. Ka5 h5 49. c6 {Weighted Error Value: White=0.36/Black=0.59} 1-0

[Event "25th European Club Cup Women 2021"]
[Site "Struga"]
[Date "2021.09.22"]
[Round "5.2"]
[White "Heinemann, Josefine"]
[Black "Cvitan, Ena"]
[Result "*"]
[WhiteElo "2292"]
[BlackElo "2284"]
[Annotator "NA"]
[PlyCount "66"]
[EventDate "2021.09.18"]
[EventType "team-tourn"]
[EventCountry "MKD"]
[SourceTitle "playchess.com"]
[Source "ChessBase"]
[SourceQuality "1"]
[TimeControl "40/5400+30:1800+30"]

1. e4 {[%emt 0:00:03]} c6 {[%emt 0:00:13]} 2. Nf3 {[%emt 0:00:07]} d5 {[%emt 0:
00:07]} 3. d3 {[%emt 0:00:03]} Qc7 {[%emt 0:00:44]} 4. exd5 {[%emt 0:00:15]}
cxd5 {[%emt 0:00:12]} 5. c4 {[%emt 0:00:06]} Nf6 {[%emt 0:01:28]} 6. Nc3 {
[%emt 0:00:07]} e6 {[%emt 0:00:59]} 7. g3 {[%emt 0:00:09]} a6 {[%emt 0:01:01]}
8. Bf4 {[%emt 0:02:42]} Bd6 {[%emt 0:02:00]} 9. Bxd6 {[%emt 0:01:42]} Qxd6 {
[%emt 0:00:07]} 10. Bg2 {[%emt 0:00:17]} O-O {[%emt 0:04:12]} 11. O-O {[%emt 0:
01:58]} Nc6 {[%emt 0:02:34]} 12. a3 {[%emt 0:05:27]} d4 {[%emt 0:02:00]} 13.
Nb1 {[%emt 0:02:57]} a5 {[%emt 0:01:58]} 14. Nbd2 {[%emt 0:02:14]} e5 {[%emt 0:
02:22]} 15. Re1 {[%emt 0:05:47]} Re8 {[%emt 0:05:21]} 16. Qc2 {[%emt 0:04:37]}
Bf5 {[%emt 0:05:12]} 17. Ng5 {[%emt 0:06:23]} Rac8 {[%emt 0:09:46]} 18. Rab1 {
[%emt 1:04:36]} b6 {[%emt 0:05:48]} 19. Nge4 {[%emt 0:04:38]} Nxe4 {[%emt 0:03:
17]} 20. Nxe4 {[%emt 0:00:09]} Bxe4 {[%emt 0:00:39]} 21. Bxe4 {[%emt 0:00:33]}
g6 {[%emt 0:00:07]} 22. b4 {[%emt 0:54:25]} axb4 {[%emt 0:51:23]} 23. axb4 {
[%emt 0:00:05]} Kg7 {[%emt 0:04:41]} 24. Qa4 {[%emt 0:07:29]} Ne7 {[%emt 0:03:
58]} 25. Qb5 {[%emt 0:03:25]} Qc7 {[%emt 0:09:46]} 26. Ra1 {[%emt 0:05:58]} Nf5
{[%emt 0:01:07]} 27. Bg2 {[%emt 0:02:12]} Nd6 {[%emt 0:01:56]} 28. Qd5 {
[%emt 0:02:00]} Rcd8 {[%emt 0:06:11]} 29. Ra6 {[%emt 0:05:39]} Re6 {[%emt 0:02:
56]} 30. Rea1 {[%emt 0:04:02]} Nc8 {[%emt 0:00:48]} 31. Qb5 {[%emt 0:01:42]} f5
{[%emt 0:04:04]} 32. c5 {[%emt 0:04:18]} Kf6 {[%emt 0:01:16]} 33. cxb6 {
[%emt 0:03:00]} Nxb6 {[%emt 0:01:29]} *

[Event "25th European Club Cup Women 2021"]
[Site "Struga"]
[Date "2021.09.22"]
[Round "5.3"]
[White "Urh, Zala"]
[Black "Dordzhieva, Dinara"]
[Result "0-1"]
[WhiteElo "2234"]
[BlackElo "2303"]
[Annotator "NA"]
[PlyCount "56"]
[EventDate "2021.09.18"]
[EventType "team-tourn"]
[EventCountry "MKD"]
[SourceTitle "playchess.com"]
[Source "ChessBase"]
[SourceQuality "1"]
[TimeControl "40/5400+30:1800+30"]

1. d4 {[%emt 0:00:09]} Nf6 {[%emt 0:00:45]} 2. c4 {[%emt 0:00:08]} e6 {[%emt 0:
00:21]} 3. Nf3 {[%emt 0:00:07]} d5 {[%emt 0:00:07]} 4. Nc3 {[%emt 0:00:06]} Bb4
{[%emt 0:00:59]} 5. Qa4+ {[%emt 0:00:58]} Nc6 {[%emt 0:00:10]} 6. e3 {[%emt 0:
00:18]} O-O {[%emt 0:00:36]} 7. Qc2 {[%emt 0:00:29]} a6 {[%emt 0:03:46]} 8. Bd2
{[%emt 0:04:09]} dxc4 {[%emt 0:06:27]} 9. Bxc4 {[%emt 0:00:11]} Bd6 {[%emt 0:
00:17]} 10. O-O {[%emt 0:04:20]} e5 {[%emt 0:01:29]} 11. h3 {[%emt 0:02:26]}
exd4 {[%emt 0:12:14]} 12. exd4 {[%emt 0:00:30]} b5 {[%emt 0:00:53]} 13. Be2 {
[%emt 0:02:40]} Nb4 {[%emt 0:01:29]} 14. Qd1 {[%emt 0:02:57]} Bf5 {[%emt 0:11:
49]} 15. a3 {[%emt 0:09:31]} Nbd5 {[%emt 0:01:48]} 16. Ne5 {[%emt 0:01:04]}
Nxc3 {[%emt 0:11:04]} 17. Bxc3 {[%emt 0:04:09]} Nd5 {[%emt 0:04:06]} 18. Ba5 {
[%emt 0:03:03]} Qg5 {[%emt 0:07:36]} 19. Bf3 {[%emt 0:11:34]} Be6 {[%emt 0:01:
21]} 20. Rc1 {[%emt 0:04:31]} Rac8 {[%emt 0:13:29]} 21. Re1 {[%emt 0:12:36]}
Nf4 {[%emt 0:04:45]} 22. Kh1 {[%emt 0:03:47]} Qh4 {[%emt 0:01:52]} 23. Kg1 {
[%emt 0:08:16]} Rfd8 {[%emt 0:01:13]} 24. d5 {[%emt 0:10:23]} Bf5 {[%emt 0:07:
59]} 25. Bc3 {[%emt 0:02:39]} Bc5 {[%emt 0:01:25]} 26. Qd2 {[%emt 0:02:47]} f6
{[%emt 0:01:28]} 27. Nc6 {[%emt 0:03:51]} Nxh3+ {[%emt 0:00:29]} 28. Kf1 {
[%emt 0:02:33]} Bd3+ {[%emt 0:00:23]} 0-1

[Event "25th European Club Cup Women 2021"]
[Site "Struga"]
[Date "2021.09.22"]
[Round "5.4"]
[White "Trippold, Denise"]
[Black "Janzelj, Lara"]
[Result "1/2-1/2"]
[WhiteElo "2046"]
[BlackElo "2186"]
[Annotator "NA"]
[PlyCount "83"]
[EventDate "2021.09.18"]
[EventType "team-tourn"]
[EventCountry "MKD"]
[SourceTitle "playchess.com"]
[Source "ChessBase"]
[SourceQuality "1"]
[TimeControl "40/5400+30:1800+30"]

1. c4 {[%emt 0:00:08]} Nf6 {[%emt 0:00:18]} 2. d4 {[%emt 0:00:31]} d6 {[%emt 0:
00:21]} 3. Nf3 {[%emt 0:00:52]} c6 {[%emt 0:00:42]} 4. Nc3 {[%emt 0:02:02]}
Nbd7 {[%emt 0:00:20]} 5. e4 {[%emt 0:01:36]} e5 {[%emt 0:00:11]} 6. d5 {
[%emt 0:12:48]} Be7 {[%emt 0:00:31]} 7. Be2 {[%emt 0:00:49]} O-O {[%emt 0:00:
43]} 8. O-O {[%emt 0:01:58]} Nc5 {[%emt 0:06:18]} 9. Qc2 {[%emt 0:00:56]} a5 {
[%emt 0:00:26]} 10. Be3 {[%emt 0:10:34]} Qc7 {[%emt 0:03:55]} 11. Nd2 {[%emt 0:
12:20]} Ng4 {[%emt 0:08:55]} 12. Bxg4 {[%emt 0:01:38]} Bxg4 {[%emt 0:00:06]}
13. a3 {[%emt 0:02:22]} Na6 {[%emt 0:03:51]} 14. Rfc1 {[%emt 0:16:08]} f5 {
[%emt 0:05:55]} 15. exf5 {[%emt 0:07:57]} Bxf5 {[%emt 0:00:30]} 16. Nde4 {
[%emt 0:00:09]} Qd7 {[%emt 0:04:51]} 17. Rd1 {[%emt 0:02:20]} c5 {[%emt 0:03:
15]} 18. f3 {[%emt 0:05:47]} Qe8 {[%emt 0:01:25]} 19. Qe2 {[%emt 0:08:11]} Qg6
{[%emt 0:03:12]} 20. Bd2 {[%emt 0:00:59]} Rf7 {[%emt 0:03:50]} 21. Na4 {
[%emt 0:03:24]} Bd8 {[%emt 0:03:33]} 22. Nac3 {[%emt 0:02:53]} Nc7 {[%emt 0:03:
14]} 23. b3 {[%emt 0:02:11]} Ne8 {[%emt 0:05:17]} 24. b4 {[%emt 0:02:40]} axb4
{[%emt 0:08:01]} 25. axb4 {[%emt 0:00:02]} Rxa1 {[%emt 0:00:07]} 26. Rxa1 {
[%emt 0:00:00]} cxb4 {[%emt 0:00:09]} 27. Ra8 {[%emt 0:01:24]} Rd7 {[%emt 0:09:
16]} 28. Na4 {[%emt 0:00:33]} Bxe4 {[%emt 0:03:26]} 29. fxe4 {[%emt 0:00:15]}
b3 {[%emt 0:01:12]} 30. Bc3 {[%emt 0:00:37]} Kf7 {[%emt 0:00:56]} 31. c5 {
[%emt 0:01:00]} dxc5 {[%emt 0:04:22]} 32. Bxe5 {[%emt 0:00:15]} Re7 {[%emt 0:
01:55]} 33. Qf2+ {[%emt 0:00:55]} Kg8 {[%emt 0:00:11]} 34. Rxd8 {[%emt 0:00:27]
} Rxe5 {[%emt 0:00:06]} 35. d6 {[%emt 0:00:37]} Qg5 {[%emt 0:01:16]} 36. Rc8 {
[%emt 0:00:33]} Qc1+ {[%emt 0:00:21]} 37. Qf1 {[%emt 0:00:01]} Qd2 {[%emt 0:03:
57]} 38. Qc4+ {[%emt 0:00:41]} Kf8 {[%emt 0:03:27]} 39. Qf1+ {[%emt 0:00:12]}
Kg8 {[%emt 0:00:06]} 40. Qc4+ {[%emt 0:00:00]} Kf8 {[%emt 0:00:00]} 41. Qf1+ {
[%emt 0:09:23]} Kg8 {[%emt 0:01:29]} 42. Qc4+ 1/2-1/2

[Event "25th European Club Cup Women 2021"]
[Site "Struga"]
[Date "2021.09.22"]
[Round "5.5"]
[White "Salimova, Nurgyul"]
[Black "Goryachkina, Aleksandra"]
[Result "1/2-1/2"]
[WhiteElo "2362"]
[BlackElo "2608"]
[Annotator "TA"]
[PlyCount "84"]
[EventDate "2021.09.18"]
[EventType "team-tourn"]
[EventCountry "MKD"]
[SourceTitle "playchess.com"]
[Source "ChessBase"]
[SourceQuality "1"]

{[%evp 9,84,4,20,-1,4,-9,-8,-10,48,49,69,24,28,16,54,0,17,-6,-8,-33,4,-4,43,0,
2,-12,0,-70,-75,-68,-67,-54,-62,-61,-18,-13,33,35,35,34,93,63,133,118,114,47,
79,60,130,122,87,79,89,45,83,46,49,47,73,74,156,11,9,11,22,0,8,8,8,0,0,0,8,8,8,
0,0]} 1. d4 Nf6 2. Nf3 d5 3. g3 Bg4 4. Ne5 Bf5 5. c4 e6 6. Nc3 {D02: 1 d4 d5 2
Nf3 sidelines, including 2...Nf6 3 g3 and 2...Nf6 3 Bf4.} c6 7. Qb3 Qb6 8. c5
Qc7 (8... Qxb3 $11 9. axb3 Nbd7) 9. Bf4 $14 Qc8 10. Bg2 (10. f3 $5 {[%cal
Rg3g4]}) 10... Nbd7 11. Nxd7 Qxd7 {[#]} 12. h3 $146 (12. f3 $14) ({Predecessor:
} 12. O-O Be7 13. Qa4 O-O 14. b4 Ne4 15. Qb3 Nxc3 16. Qxc3 b6 17. Qd2 a5 18. a3
{0-1 (48) Delorme,A (2513)-Korobov,A (2687) Bastia 2016}) 12... h6 13. g4 Bh7
14. Bf3 Be7 (14... b6 $5 {[%cal Rb6c5]}) 15. h4 Be4 16. O-O-O ({Much worse is} 
16. Nxe4 dxe4 17. Bg2 Nxg4 $15) 16... Bxf3 17. exf3 b6 18. cxb6 (18. Na4 $11)
18... axb6 $15 19. Qxb6 Qc8 20. Qb3 Nd7 21. Qc2 Qa6 22. g5 hxg5 23. hxg5 Rxh1
24. Rxh1 g6 (24... Qc4 $14) 25. b3 Nb6 (25... c5 $14 26. a4 c4) 26. Rh8+ Kd7
27. Rxa8 (27. Rh7 $16) 27... Qxa8 28. a4 Bb4 (28... Qh8 $14) 29. Qd3 Nc8 30.
Kb2 Bf8 31. Nd1 Qa7 32. Ne3 Bg7 $1 33. Nc2 Ne7 34. Bd2 c5 ({Better is} 34...
Qb6) 35. Bc3 (35. Qb5+ $16 Nc6 36. Bf4) 35... c4 $1 $11 {[%cal Rc4d3] The
position is equal.} 36. bxc4 {Hoping for Kb3.} Qxa4 37. Ne3 Qa6 38. Kc2 Qa2+
39. Bb2 Nc6 {[#] White must now prevent ...Nb4+.} 40. Kc1 Nb4 41. Qc3 Qa4 {
Threatens to win with ...Na2+.} 42. Kb1 Qa2+ {Weighted Error Value: White=0.25/
Black=0.19} 1/2-1/2

[Event "25th European Club Cup Women 2021"]
[Site "Struga"]
[Date "2021.09.22"]
[Round "5.6"]
[White "Dzagnidze, Nana"]
[Black "Radeva, Viktoria"]
[Result "1-0"]
[WhiteElo "2525"]
[BlackElo "2350"]
[Annotator "ChessBase"]
[PlyCount "89"]
[EventDate "2021.09.18"]
[EventType "team-tourn"]
[EventCountry "MKD"]
[SourceTitle "playchess.com"]
[Source "ChessBase"]
[SourceQuality "1"]
[TimeControl "40/5400+30:1800+30"]

1. e4 {[%emt 0:00:04]} e6 {[%emt 0:03:53]} 2. d4 {[%emt 0:00:33]} d5 {[%emt 0:
02:10]} 3. Nd2 {[%emt 0:01:19]} c5 {[%emt 0:00:19]} 4. Ngf3 {[%emt 0:00:20]}
cxd4 {[%emt 0:00:27]} 5. exd5 {[%emt 0:00:26]} Qxd5 {[%emt 0:00:10]} 6. Bc4 {
[%emt 0:00:32]} Qd6 {[%emt 0:00:08]} 7. O-O {[%emt 0:00:12]} Nf6 {[%emt 0:00:
06]} 8. Nb3 {[%emt 0:00:18]} Nc6 {[%emt 0:00:05]} 9. Nbxd4 {[%emt 0:00:57]}
Nxd4 {[%emt 0:00:06]} 10. Nxd4 {[%emt 0:00:04]} Be7 {[%emt 0:00:16]} 11. c3 {
[%emt 0:09:52]} O-O {[%emt 0:01:12]} 12. Qf3 {[%emt 0:00:20]} Qb6 {[%emt 0:05:
17]} 13. Bb3 {[%emt 0:09:21]} Bd7 {[%emt 0:00:23]} 14. Re1 {[%emt 0:00:15]} a5
{[%emt 0:10:21]} 15. Bg5 {[%emt 0:18:29]} Rfe8 {[%emt 0:13:32]} 16. a4 {
[%emt 0:06:27]} Rac8 {[%emt 0:09:44]} 17. h3 {[%emt 0:03:07]} h6 {[%emt 0:15:
07]} 18. Bh4 {[%emt 0:00:33]} Bd8 {[%emt 0:08:05]} 19. Qe2 {[%emt 0:04:44]} Rc5
{[%emt 0:10:35]} 20. Bc2 {[%emt 0:16:30]} e5 {[%emt 0:03:01]} 21. Nb5 {[%emt 0:
01:50]} Bxb5 {[%emt 0:05:01]} 22. axb5 {[%emt 0:00:05]} Rxb5 {[%emt 0:03:05]}
23. b4 {[%emt 0:01:08]} Rd5 {[%emt 0:02:25]} 24. Bb3 {[%emt 0:01:28]} Rd6 {
[%emt 0:01:33]} 25. Rxa5 {[%emt 0:00:08]} Nd5 {[%emt 0:02:38]} 26. Rxd5 {
[%emt 0:03:20]} Rxd5 {[%emt 0:00:31]} 27. Bxd5 {[%emt 0:00:04]} Bxh4 {[%emt 0:
00:03]} 28. Bxf7+ {[%emt 0:00:11]} Kxf7 {[%emt 0:00:16]} 29. Qh5+ {[%emt 0:00:
23]} Qg6 {[%emt 0:01:09]} 30. Qxh4 {[%emt 0:00:04]} Kg8 {[%emt 0:00:18]} 31.
Qc4+ {[%emt 0:01:03]} Qf7 {[%emt 0:00:23]} 32. Qe4 {[%emt 0:01:25]} Kf8 {
[%emt 0:01:15]} 33. Re3 {[%emt 0:00:54]} Re6 {[%emt 0:02:47]} 34. f4 {[%emt 0:
00:59]} exf4 {[%emt 0:00:27]} 35. Qxe6 {[%emt 0:00:05]} fxe3 {[%emt 0:00:02]}
36. Qc8+ {[%emt 0:00:08]} Qe8 {[%emt 0:00:18]} 37. Qxe8+ {[%emt 0:00:07]} Kxe8
{[%emt 0:00:02]} 38. Kf1 {[%emt 0:00:06]} Ke7 {[%emt 0:00:15]} 39. Ke2 {
[%emt 0:00:06]} Ke6 {[%emt 0:00:19]} 40. Kxe3 {[%emt 0:00:00]} Kd5 {[%emt 0:00:
00]} 41. Kd3 {[%emt 0:00:23]} b5 {[%emt 0:00:30]} 42. h4 {[%emt 0:00:33]} h5 {
[%emt 0:03:03]} 43. g3 {[%emt 0:00:15]} g6 {[%emt 0:00:05]} 44. c4+ {[%emt 0:
00:06]} bxc4+ {[%emt 0:00:02]} 45. Kc3 {[%emt 0:00:04]} 1-0

[Event "25th European Club Cup Women 2021"]
[Site "Struga"]
[Date "2021.09.22"]
[Round "5.7"]
[White "Krasteva, Beloslava"]
[Black "Cramling, Pia"]
[Result "1/2-1/2"]
[WhiteElo "2217"]
[BlackElo "2455"]
[Annotator "TA"]
[PlyCount "121"]
[EventDate "2021.09.18"]
[EventType "team-tourn"]
[EventCountry "MKD"]
[SourceTitle "playchess.com"]
[Source "ChessBase"]
[SourceQuality "1"]

{[%evp 21,121,0,21,10,49,48,50,43,66,18,21,-12,12,12,12,0,50,51,51,4,4,8,8,7,
57,27,37,29,65,18,55,0,0,0,-1,-2,-5,-26,-33,-27,-27,-54,-47,-58,-50,-47,-37,
-37,-33,-37,-5,-51,-37,-41,-41,-39,-38,-49,-54,-50,-36,-45,-25,-22,-23,-29,0,
-36,-36,-16,-16,-19,-16,-16,-16,-16,-16,-16,-16,-16,-16,-4,-12,-13,-10,-54,-2,
-37,0,-2,0,0,0,0,0,0,0,0,0,0,0,0]} 1. d4 Nf6 2. c4 e6 3. Nc3 Bb4 4. e3 b6 5.
Bd2 Bb7 6. Nf3 c5 7. a3 Bxc3 8. Bxc3 Ne4 9. Rc1 O-O 10. Be2 d6 11. O-O Nd7 12.
Be1 {E21: Nimzo-Indian: 4 Nf3.} f5 13. Nd2 Nef6 {[#]} 14. f3 $146 {White is
slightly better.} ({Predecessor:} 14. Nb1 Qe7 15. Nc3 Rad8 16. b4 Rf7 17. Bf3
Bxf3 18. Qxf3 Nf8 19. Qc6 Ng6 20. f3 {1/2-1/2 (31) Prohaszka,P (2592)
-Lenderman,A (2634) Chesterfield 2020}) 14... e5 15. dxe5 Nxe5 16. Nb1 Qe7 17.
Nc3 Rad8 18. Bf2 d5 19. cxd5 Nxd5 20. Nxd5 Bxd5 21. Qc2 Qe6 22. Rfe1 a5 23. Bg3
Bb3 24. Qc3 Ng6 25. Kf1 Rfe8 26. Qxb3 Qxb3 $11 27. Bc4+ Qxc4+ $1 28. Rxc4 Ne5
29. Bxe5 (29. Rc3 {looks sharper.} Kf7 30. e4 Nd3 31. Re2 fxe4 32. Bc7) 29...
Rxe5 {[%mdl 4096] Endgame KRR-KRR} 30. Rc3 Kf7 31. Ke2 Red5 32. Kf2 Rd3 33. Rc2
Re8 34. Ree2 Re5 35. Rc4 b5 36. Rcc2 a4 37. f4 $1 {[%cal Rf4e5]} Red5 38. e4
fxe4 39. Rxe4 Rd2+ 40. Re2 R2d4 41. g3 Kf6 42. Kf3 Rd3+ 43. Re3 Rd2 44. Re2
R5d3+ 45. Ke4 $1 Rd4+ 46. Kf3 R2d3+ 47. Re3 c4 48. Rxd3 Rxd3+ {KR-KR} ({
Don't play} 48... cxd3 $6 49. Rd2 $16) 49. Ke4 h5 50. Rg2 g6 51. Re2 Ke6 52.
Rf2 Rb3 53. Rd2 Kf6 ({Black should play} 53... c3 $15 54. bxc3 Rxa3) 54. Rg2
Rd3 55. Re2 {The position is equal.} g5 56. fxg5+ Kxg5 57. Rf2 Rb3 58. Kd4 h4
59. gxh4+ Kxh4 60. Kc5 Kg4 61. Kc6 {Weighted Error Value: White=0.11/Black=0.12
} 1/2-1/2

[Event "25th European Club Cup Women 2021"]
[Site "Struga"]
[Date "2021.09.22"]
[Round "5.8"]
[White "Paehtz, Elisabeth"]
[Black "Manova, Ivana"]
[Result "1-0"]
[WhiteElo "2465"]
[BlackElo "1779"]
[Annotator "ChessBase"]
[PlyCount "91"]
[EventDate "2021.09.18"]
[EventType "team-tourn"]
[EventCountry "MKD"]
[SourceTitle "playchess.com"]
[Source "ChessBase"]
[SourceQuality "1"]
[TimeControl "40/5400+30:1800+30"]

1. e4 {[%emt 0:00:03]} e5 {[%emt 0:00:32]} 2. Nf3 {[%emt 0:00:03]} Nc6 {
[%emt 0:00:06]} 3. Bb5 {[%emt 0:00:03]} a6 {[%emt 0:00:15]} 4. Ba4 {[%emt 0:00:
04]} Nf6 {[%emt 0:00:04]} 5. d3 {[%emt 0:00:46]} b5 {[%emt 0:01:49]} 6. Bb3 {
[%emt 0:00:09]} Be7 {[%emt 0:00:19]} 7. a4 {[%emt 0:04:55]} Rb8 {[%emt 0:05:04]
} 8. axb5 {[%emt 0:03:21]} axb5 {[%emt 0:00:10]} 9. Nc3 {[%emt 0:00:04]} d6 {
[%emt 0:02:57]} 10. Be3 {[%emt 0:07:15]} Be6 {[%emt 0:05:44]} 11. Nd2 {[%emt 0:
11:45]} d5 {[%emt 0:13:44]} 12. Bg5 {[%emt 0:15:06]} d4 {[%emt 0:04:53]} 13.
Ne2 {[%emt 0:00:04]} Nd7 {[%emt 0:01:21]} 14. Bxe6 {[%emt 0:01:42]} fxe6 {
[%emt 0:03:04]} 15. Bxe7 {[%emt 0:01:47]} Qxe7 {[%emt 0:01:12]} 16. O-O {
[%emt 0:00:38]} O-O {[%emt 0:03:17]} 17. Nb3 {[%emt 0:03:42]} Rf6 {[%emt 0:08:
55]} 18. Qd2 {[%emt 0:00:52]} Nc5 {[%emt 0:15:43]} 19. Na5 {[%emt 0:01:11]}
Nxa5 {[%emt 0:02:10]} 20. Rxa5 {[%emt 0:00:49]} b4 {[%emt 0:01:21]} 21. f4 {
[%emt 0:04:52]} Qd6 {[%emt 0:04:52]} 22. b3 {[%emt 0:07:10]} Nd7 {[%emt 0:01:
31]} 23. fxe5 {[%emt 0:03:34]} Rxf1+ {[%emt 0:00:13]} 24. Kxf1 {[%emt 0:00:03]}
Nxe5 {[%emt 0:00:08]} 25. Kg1 {[%emt 0:03:02]} Ng4 {[%emt 0:04:09]} 26. Qf4 {
[%emt 0:00:07]} Qb6 {[%emt 0:08:45]} 27. Rg5 {[%emt 0:00:27]} Ne3 {[%emt 0:00:
18]} 28. Qe5 {[%emt 0:02:59]} g6 {[%emt 0:00:06]} 29. h4 {[%emt 0:09:02]} Kf7 {
[%emt 0:09:42]} 30. h5 {[%emt 0:08:30]} Qd6 {[%emt 0:00:36]} 31. Nxd4 {[%emt 0:
01:08]} Rd8 {[%emt 0:00:14]} 32. Nxe6 {[%emt 0:04:17]} Qxe5 {[%emt 0:02:34]}
33. Nxd8+ {[%emt 0:01:25]} Kf6 {[%emt 0:00:07]} 34. Rxe5 {[%emt 0:00:02]} Kxe5
{[%emt 0:00:02]} 35. hxg6 {[%emt 0:00:38]} hxg6 {[%emt 0:00:04]} 36. Nc6+ {
[%emt 0:00:06]} Kd6 {[%emt 0:00:22]} 37. Nxb4 {[%emt 0:00:04]} c5 {[%emt 0:00:
07]} 38. Kf2 {[%emt 0:04:03]} Nd1+ {[%emt 0:00:05]} 39. Ke1 {[%emt 0:00:04]}
Ne3 {[%emt 0:00:06]} 40. Ke2 {[%emt 0:00:00]} Nxg2 {[%emt 0:00:00]} 41. Nd5 {
[%emt 0:00:45]} g5 {[%emt 0:04:47]} 42. Kf2 {[%emt 0:00:34]} Nh4 {[%emt 0:00:
16]} 43. Kg3 {[%emt 0:01:31]} Ng6 {[%emt 0:03:01]} 44. Kg4 {[%emt 0:02:14]}
Ne5+ {[%emt 0:00:51]} 45. Kxg5 {[%emt 0:00:05]} Nf3+ {[%emt 0:00:04]} 46. Kf6 {
[%emt 0:00:16]} 1-0